000 nam a22 7a 4500
999 _c129247
_d129247
008 190327b xxu||||| |||| 00| 0 eng d
020 _a0-8039-4975-8
050 _aLB2331.W38 1993
100 _aWeimer, Maryellen
_945355
245 _aImproving your classroom teaching
_cMaryellen Weimer
260 _aNewbury Park
_bSage Publications
_cc1993
300 _a128p.
_c22cm.
650 _aCollege teaching
_zUnited States
_945354
942 _2lcc
_cMONOGRAPH